000 00686nam a2200193 a 4500
001 000029792
005 20200930055817.0
008 110426s2000 dr 000 0 spa d
040 _aDO-SdBNP
_bspa
_cBNPHU
082 _axxx
_bC397
110 1 _aRepública Dominicana
_bCentro Nacional de Investigaciones en Salud Materno Infantil.
_956545
245 1 0 _aConducta responsable respecto a la comunicación cientifíca /
_ceditor Erwin Cruz Bournigal.
260 _aSanto Domingo :
_bCENISMI,
_c2000.
300 _a40 p. ;
_c27 cm.
490 1 _aPublicaciones Técnicas
_v3
700 1 _aCruz Bournigal, Erwin
_eed.
_956546
830 0 _aPublicaciones Técnicas
_eed.
_956334
049 _aBNPD
999 _c29284
_d29284